Getting started with Microsoft Windows XP. / (Record no. 7487)
[ view plain ]
| 000 -LEADER | |
|---|---|
| fixed length control field | 00888nam a22002297a 4500 |
| 003 - CONTROL NUMBER IDENTIFIER | |
| control field | OSt |
| 005 - DATE AND TIME OF LATEST TRANSACTION | |
| control field | 20220316160014.0 |
| 008 - FIXED-LENGTH DATA ELEMENTS--GENERAL INFORMATION | |
| fixed length control field | 120706t xxu||||| |||| 00| 0 eng d |
| 020 ## - INTERNATIONAL STANDARD BOOK NUMBER | |
| International Standard Book Number | 0536479712 |
| 040 ## - CATALOGING SOURCE | |
| Transcribing agency | LC |
| 050 ## - LIBRARY OF CONGRESS CALL NUMBER | |
| Classification number | QA76.76.O63.G77 |
| 100 ## - MAIN ENTRY--PERSONAL NAME | |
| Personal name | Grauer, Robert T. |
| 245 ## - TITLE STATEMENT | |
| Title | Getting started with Microsoft Windows XP. / |
| Statement of responsibility, etc. | Robert T..Grauer, Maryann Barber |
| 260 ## - PUBLICATION, DISTRIBUTION, ETC. | |
| Place of publication, distribution, etc. | Upper Saddle River, NJ: |
| Name of publisher, distributor, etc. | Pearson, |
| Date of publication, distribution, etc. | 2004. |
| 300 ## - PHYSICAL DESCRIPTION | |
| Extent | xv, 72 p.: |
| Other physical details | ill.; |
| Dimensions | 24cm. |
| 500 ## - GENERAL NOTE | |
| General note | Includes index. |
| 505 ## - FORMATTED CONTENTS NOTE | |
| Formatted contents note | ???Contents: Understanding basic windows operations -- Working with the accessories -- Managing files -- Customizing windows -- Preparing for an emergency -- Connecting to other computers -- Appendix A: Upgrading to windows XP. |
| 650 ## - SUBJECT ADDED ENTRY--TOPICAL TERM | |
| Topical term or geographic name entry element | Microsoft Windows (Computer file) |
| 650 ## - SUBJECT ADDED ENTRY--TOPICAL TERM | |
| Topical term or geographic name entry element | Operating systems (Computers) |
| 700 ## - ADDED ENTRY--PERSONAL NAME | |
| Personal name | Barber, Maryann |
| 942 ## - ADDED ENTRY ELEMENTS (KOHA) | |
| Source of classification or shelving scheme | Library of Congress Classification |
| Koha item type | Books |
| Withdrawn status | Lost status | Source of classification or shelving scheme | Damaged status | Not for loan | Home library | Current library | Shelving location | Date acquired | Full call number | Barcode | Date last seen | Price effective from | Koha item type |
|---|---|---|---|---|---|---|---|---|---|---|---|---|---|
| Library of Congress Classification | WISCONSIN INTERNATIONAL UNIVERSITY COLLEGE, GHANA KUMASI LIBRARY | WISCONSIN INTERNATIONAL UNIVERSITY COLLEGE, GHANA KUMASI LIBRARY | General Stacks | 15/11/2019 | QA76.76.O63.G77 | K/2437/2437/19 | 14/07/2020 | 14/07/2020 | Books |
